Normal view
MARC view
Entry Personal Name
001 - CONTROL NUMBER
- control field: 576490
003 - CONTROL NUMBER IDENTIFIER
- control field: OSt
005 - DATE AND TIME OF LATEST TRANSACTION
- control field: 20221002054927.0
008 - FIXED-LENGTH DATA ELEMENTS
- fixed length control field: 221002|| aca||aabn | a|a d
040 ## - CATALOGING SOURCE
- Original cataloging agency: OSt
- Transcribing agency: OSt
100 ## - HEADING--PERSONAL NAME
- Personal name: Mehmood Sayed Fayaz Au
670 ## - SOURCE DATA FOUND
- Source citation: Work cat.: (OSt)926218: Mehmood Sayed Fayaz Au., Tareekh-e-adbiyat musalmanan-e-Pakistan-o-Hind, 1972
